Countries by Leader - Past or Current - Statistics

General Stats
  • This quiz has been taken 317 times
  • The average score is 14 of 20
Answer Stats
Hint Answer % Correct
Benito Mussolini Italy
100%
Joseph Stalin Soviet Union
100%
Mao Zedong China
99%
Adolf Hitler Germany
99%
Kim Il Sung North Korea
99%
Fidel Castro Cuba
97%
Louis XVI France
96%
Richard I United Kingdom
92%
Muammar Gaddafi Libya
91%
Augustus Rome
88%
Bronislaw Komorowski Poland
73%
Robert Mugabe Zimbabwe
70%
Millard Filmore United States
67%
Stephen Harper Canada
60%
Alexander III Ancient Greece
58%
Mariano Rajoy Spain
44%
Qaboos bin Said Al Said Oman
32%
Harun Al Rashid Iraq
31%
Oda Nobunaga Japan
31%
Oscar II Kingdom of Sweden
20%
No matching quizzes found
Score Distribution
Percent of People with Each Score
Percentile by Number Answered
Your Score History
You have not taken this quiz